Sports Quiz

Random Sports Quiz

Maximum 147 Breaks in Snooker Quiz Stats

 Plays Quiz not verified by Sporcle

Challenge
Share
Tweet
Embed
Score 0/61 Timer 15:00
0 Plays Today
Tournament of First 147 Player % Correct
1997 World ChampionshipRonnie O'Sullivan
98.4%
1982 ClassicSteve Davis
97.5%
1992 Matchroom LeagueStephen Hendry
96.8%
1992 World ChampionshipJimmy White
91.4%
2000 Nations CupJohn Higgins
90.5%
2005 World ChampionshipMark Williams
87.6%
1983 World ChampionshipCliff Thorburn
86.3%
2001 Benson & Hedges ChampionshipShaun Murphy
83.5%
2013 Antwerp OpenJudd Trump
81.9%
1984 MastersKirk Stevens
80.3%
2009 Jiangsu ClassicMark Selby
80.3%
1991 Strachan Open QualifierPeter Ebdon
80%
2007 MastersDing Junhui
79.7%
2010 China OpenNeil Robertson
78.1%
2012 Paul Hunter ClassicKen Doherty
77.2%
2000 Scottish MastersMarco Fu
75.9%
2008 World ChampionshipAli Carter
75.6%
2011 PTC 12Matthew Stevens
74.9%
1999 British OpenGraeme Dott
74.6%
2000 Scottish Open QualifierStephen Maguire
73.3%
1991 World MastersJames Wattana
70.8%
1992 Matchroom LeagueJohn Parrott
67.3%
1999 UK Tour - Event 3Stuart Bingham
65.7%
1987 UK ChampionshipWillie Thorne
65.1%
2014 Haining OpenRyan Day
59.4%
2010 PTC 3Barry Hawkins
58.1%
2002 Benson & Hedges ChampionshipTony Drago
56.5%
2016 Championship LeagueFergal O'Brien
56.5%
2008 Bahrain Championship QualifierLiang Wenbo
50.8%
2013 German Masters QualfiyingGary Wilson
50%
2011 PTC 10Ricky Walden
47.6%
Tournament of First 147 Player % Correct
1988 Matchroom LeagueTony Meo
46.3%
2015 Championship LeagueDavid Gilbert
41.9%
2006 Grand PrixJamie Cope
40.6%
2006 World Championship QualifierRobert Milkins
39.7%
2014 Lisbon OpenBen Woollaston
38.1%
2007 Grand PrixTom Ford
38.1%
2016 Paul Hunter ClassicThepchaiya Un-Nooh
37%
2012 UK Championship QualifierJack Lisowski
36.9%
1989 Scottesh Pro ChampionshipJohn Rea
36.8%
2007 Welsh OpenAndrew Higginson
36.2%
2013 German Masters QualifyingDechawat Poomjaeng
35.6%
2007 Grand Prix QualiferJamie Burnett
34.9%
2012 UK Championship QualifierAndy Hicks
34.4%
2004 UK ChampionshipDavid Gray
34.3%
2016 English OpenAlfie Burden
31.5%
2008 Bahrain ChampionshipMarcus Campbell
31.4%
2010 EPTC 6Rory McLeod
30.5%
1999 Welsh Open QualifierBarry Pinches
30.2%
2014 Paul Hunter ClassicAditya Mehta
30%
1988 European Open QualifierAlain Robidoux
29.8%
2010 PTC 1Kurt Maflin
27.3%
2011 German Masters QualifierMike Dunn
20%
1999 UK Tour - Event 4Nick Dyson
19%
1998 China International QualifierMehmet Husnu
16.8%
1998 Thailand Masters QualifierAdrian Gunnell
15.2%
2010 EPTC 4Thanawat Thirapongpaiboon
14.6%
1999 British Open QualifierJason Prince
14.3%
2000 Benson & Hedges ChampionshipDavid McLellan
14%
1994 British Open QualifierDavid McDonnell
13.7%
1999 Benson & Hedges ChampionshipKarl Burrows
11.7%

You're not logged in!

Compare scores with friends on all Sporcle quizzes.
Join for Free
OR
Log In

You Might Also Like...

Show Comments

Extras

Created Jul 16, 2012ReportNominate
Tags:maximum, snooker, Snooker Breaks

Top Quizzes Today


Score Distribution

Your Account Isn't Verified!

In order to create a playlist on Sporcle, you need to verify the email address you used during registration. Go to your Sporcle Settings to finish the process.

Report this User

Report this user for behavior that violates our Community Guidelines.

Details: